LIBRARY & INFORMATION CENTRE, KCAET, TAVANUR

ONLINE PUBLIC ACCESS CATALOGUE (OPAC)

Artificial insemination of farm animals / (Record no. 10812)

MARC details
000 -LEADER
fixed length control field 00498cam a2200193ua 4500
041 ## - LANGUAGE CODE
Language code of text/sound track or separate title eng
082 ## - DEWEY DECIMAL CLASSIFICATION NUMBER
Classification number 636.08245
Item number PER/AR
100 ## - MAIN ENTRY--AUTHOR NAME
Personal name Perry, Enos J .
245 ## - TITLE STATEMENT
Title Artificial insemination of farm animals /
250 ## - EDITION STATEMENT
Edition statement 3 /
260 ## - PUBLICATION, DISTRIBUTION, ETC. (IMPRINT)
Place of publication New Delhi :
Name of publisher Oxford & IBH Publishing company ,
Year of publication 1965.
300 ## - PHYSICAL DESCRIPTION
Number of Pages 430 ; .
942 ## - ADDED ENTRY ELEMENTS (KOHA)
Koha item type Books
Holdings
Withdrawn status Lost status Damaged status Home library Current library Date acquired Full call number Accession Number Koha item type
      KAUAET KAUAET 07/04/2012 636.08245 10365 Books
      KAUAET KAUAET 07/04/2012 636.08245 10868 Books
free website counter